Statistics for Men's Tennis Players Who Have Won the Most of a Certain Slam

Click here to take the quiz!

General Stats

  • This quiz has been taken 80 times
  • The average score is 9 of 10

Answer Stats

#TypeAnswer% Correct
8WimbledonRoger Federer
100%
6Australian OpenRoger Federer
100%
5US OpenRoger Federer
100%
14Roland GarrosRafael Nadal
99%
9Australian OpenNovak Djokovic
96%
6WimbledonNovak Djokovic
96%
7WimbledonPete Sampras
89%
6Roland GarrosBjorn Borg
87%
5WimbledonBjorn Borg
87%
5US OpenJimmy Connors
69%

Score Distribution

Percentile by Number Answered

Percent of People with Each Score

Your Score History

You have not taken this quiz